000 00573nam a22001817a 4500
003 UA-OsUOA
001 16035
007 ta
008 20031217b un ||||| |||| 00| 0 ukr d
100 _aЛавренчук В.
942 _cSA
040 _aUA-OsUOA
_cUA-OsUOA
_dUA-OsUOA
245 _a"Педагогічний десант"
_b[Про заст. голови обл. від-ня Пед. т-ва В.Р.Дунай]
300 _aС.3
955 _a0
773 0 _w0
_tВільне слово
_dРівне
_d2003
_g№85/24жовт./
650 7 _aДунай В.Р.
_2UDC
999 _c302200
_d302200